Normal view
MARC view
- Valdéz Guzmán, Jaime Heriberto
Entry Nombre Personal
001 - NUMERO DE CONTROL
- campo de control: 59370
003 - IDENTIFICADOR DE NUMERO DE CONTROL
- campo de control: MX-MxUPN
005 - FECHA Y HORA DE LA ÜLTIMA TRANSACCIÓN
- campo de control: 20260424153701.0
008 - DATOS DE LONGITUD FIJA
- campo de control de longitud fija: 260424|n ac|nnaabn | aaa d
040 ## - FUENTE DE CATALOGACIÓN
- Agencia original de catalogación: MX-MxUPN
- Lenguaje de catalogación: spa
100 1# - ENCABEZAMIENTO - NOMBRE PERSONAL
- Nombre personal: Valdéz Guzmán, Jaime Heriberto
670 ## - FUENTE EN LA QUE SE LOCALIZARON DATOS
- Cita de la fuente: Elementos de la matemática 1: educación media básica, 1988:
- Información localizada: portada (Jaime Heriberto Valdés Guzmán)
902 ## - CATALOGADOR
- Catalogador: JohanaAllegre/240426
